Why Swatantra? (Record no. 373290)

000 -LEADER
fixed length control field 00339cam a22001337a 4500
008 - FIXED-LENGTH DATA ELEMENTS--GENERAL INFORMATION
fixed length control field 180718b1967 xxu||||| |||| 00| 0 eng d
082 ## - DEWEY DECIMAL CLASSIFICATION NUMBER
Classification number F51x5407 M371w
100 ## - MAIN ENTRY--PERSONAL NAME
Personal name Masani, M.R.
245 ## - TITLE STATEMENT
Title Why Swatantra?
Statement of responsibility, etc. by M.R. Masani
260 ## - PUBLICATION, DISTRIBUTION, ETC.
Place of publication, distribution, etc. Bombay
Name of publisher, distributor, etc. Popular
Date of publication, distribution, etc. 1967
300 ## - PHYSICAL DESCRIPTION
Extent 48p.
500 ## - GENERAL NOTE
General note Rs.1.00
650 ## - SUBJECT ADDED ENTRY--TOPICAL TERM
Topical term or geographic name entry element Swatantra Party (India)
Holdings
Withdrawn status Lost status Damaged status Not for loan Permanent Location Current Location Date acquired Full call number Barcode Date last seen Price effective from Koha item type
        Indian Institute of Public Administration Indian Institute of Public Administration 1994-06-20 F51x5407 M371w 40429 2018-07-21 2018-07-21 Book

Powered by Koha